LEADER 01160nam--2200385---4500 001 990000526490203316 005 20090514182439.0 010 $a88-14-02990-3 035 $a0052649 035 $aUSA010052649 035 $a(ALEPH)000052649USA01 035 $a0052649 100 $a20010626d1991----km-y0ENGy0103----ba 101 $aita 102 $aIT 200 1 $aCriminalità e società in età moderna$fa cura di Luigi Berlinguer e Floriana Colao 210 $aMilano$cGiuffrè$d1991 215 $a688 p.$d24 cm 225 2 $aLa Leopoldina$v12 410 $12001$aLa Leopoldina$v12 606 $aCriminologia$zSec. 18.-19. 676 $a364.09 702 1$aBERLINGUER,$bLuigi 702 1$aCOLAO,$bFloriana 801 0$aIT$bsalbc$gISBD 912 $a990000526490203316 951 $aXXII.3.F 34 (IG XI 439)$b72777 EC$cXXII.3.F 34 (IG XI)$d00172629 959 $aBK 969 $aECO 979 $aPATTY$b90$c20010626$lUSA01$h1350 979 $c20020403$lUSA01$h1701 979 $aPATRY$b90$c20040406$lUSA01$h1637 979 $aRSIAV1$b90$c20090514$lUSA01$h1824 996 $aCriminalità e società in età moderna$9628987 997 $aUNISA LEADER 04478nam 2200985Ia 450 001 9910783159903321 005 20210603213457.0 010 $a1-59734-925-9 010 $a1-282-35740-9 010 $a0-520-93082-7 010 $a9786612357404 024 7 $a10.1525/9780520930827 035 $a(CKB)1000000000007703 035 $a(EBL)222951 035 $a(OCoLC)475926795 035 $a(SSID)ssj0000253651 035 $a(PQKBManifestationID)11216060 035 $a(PQKBTitleCode)TC0000253651 035 $a(PQKBWorkID)10206739 035 $a(PQKB)10605300 035 $a(MiAaPQ)EBC222951 035 $a(DE-B1597)518782 035 $a(OCoLC)52856618 035 $a(DE-B1597)9780520930827 035 $a(Au-PeEL)EBL222951 035 $a(CaPaEBR)ebr10048994 035 $a(CaONFJC)MIL235740 035 $a(dli)HEB08159 035 $a(MiU)MIU01000000000000009851168 035 $a(EXLCZ)991000000000007703 100 $a20040405d2003 my 0 101 0 $aeng 135 $aurun#---|u||u 181 $ctxt 182 $cc 183 $acr 200 10$aSundance to Sarajevo$b[electronic resource] $efilm festivals and the world they made /$fKenneth Turan 210 $aBerkeley $cUniversity of California Press$d2003 215 $a1 online resource (216 p.) 300 $aDescription based upon print version of record. 311 0 $a0-520-21867-1 311 0 $a0-520-24072-3 327 $tFront matter --$tCONTENTS --$tAcknowledgments --$tIntroduction --$tPart One: Festivals with Business Agendas --$tPart Two: Festivals with Geopolitical Agendas --$tPart Three: Festivals with Aesthetic Agendas --$tPart Four: The Politics of Festivals 330 $aAlmost every day of the year a film festival takes place somewhere in the world--from sub-Saharan Africa to the Land of the Midnight Sun. Sundance to Sarajevo is a tour of the world's film festivals by an insider whose familiarity with the personalities, places, and culture surrounding the cinema makes him uniquely suited to his role. Kenneth Turan, film critic for the Los Angeles Times, writes about the most unusual as well as the most important film festivals, and the cities in which they occur, with an eye toward the larger picture. His lively narrative emphasizes the cultural, political, and sociological aspects of each event as well as the human stories that influence the various and telling ways the film world and the real world intersect. Of the festivals profiled in detail, Cannes and Sundance are obvious choices as the biggest, brashest, and most influential of the bunch. The others were selected for their ability to open a window onto a wider, more diverse world and cinema's place in it. Sometimes, as with Sarajevo and Havana, film is a vehicle for understanding the international political community's most vexing dilemmas. Sometimes, as with Burkina Faso's FESPACO and Pordenone's Giornate del Cinema Muto, it's a chance to examine the very nature of the cinematic experience. But always the stories in this book show us that film means more and touches deeper chords than anyone might have expected. No other book explores so many different festivals in such detail or provides a context beyond the merely cinematic. 606 $aFilm festivals 606 $aPerforming arts festivals 610 $aacademic. 610 $aactors. 610 $aaward winning films. 610 $acannes. 610 $acinema studies. 610 $acinematic. 610 $acultural studies. 610 $aculture. 610 $adirectors. 610 $afilm critic. 610 $afilm criticism. 610 $afilm festival. 610 $afilm history. 610 $afilm studies. 610 $ahistory of film. 610 $ainfluential. 610 $ainternational. 610 $aland of the midnight sun. 610 $apolitical. 610 $asahara desert. 610 $asarajevo. 610 $ascholarly. 610 $asocial studies. 610 $asociology. 610 $asub saharan africa. 610 $asundance. 615 0$aFilm festivals. 615 0$aPerforming arts festivals. 676 $a791.43/079 676 $a791.43 686 $aAP 42200$qBVB$2rvk 700 $aTuran$b Kenneth$01020855 801 0$bMiAaPQ 801 1$bMiAaPQ 801 2$bMiAaPQ 906 $aBOOK 912 $a9910783159903321 996 $aSundance to Sarajevo$92416376 997 $aUNINA LEADER 06901nam 22007695 450 001 9910300474903321 005 20251214165500.0 010 $a9781430258582 010 $a1430258586 024 7 $a10.1007/978-1-4302-5858-2 035 $a(CKB)3710000000089027 035 $a(EBL)1694174 035 $a(OCoLC)870677186 035 $a(SSID)ssj0001175001 035 $a(PQKBManifestationID)11778344 035 $a(PQKBTitleCode)TC0001175001 035 $a(PQKBWorkID)11116554 035 $a(PQKB)10214323 035 $a(MiAaPQ)EBC1694174 035 $a(DE-He213)978-1-4302-5858-2 035 $a(WaSeSS)IndRDA00018775 035 $a(PPN)176747885 035 $a(CaSebORM)9781430258575 035 $a(OCoLC)ocn870677186 035 $a(EXLCZ)993710000000089027 100 $a20140228d2014 u| 0 101 0 $aeng 135 $aur|n||||||||| 181 $ctxt 182 $cc 183 $acr 200 10$aAndroid Best Practices /$fby Godfrey Nolan, David Truxall, Raghav Sood, Onur Cinar 205 $a1st ed. 2014. 210 1$aBerkeley, CA :$cApress :$cImprint: Apress,$d2014. 215 $a1 online resource (223 p.) 300 $a"Create Android apps that stand out from the crowd."--Cover. 300 $aIncludes index. 311 1 $a9781430258575 311 1 $a1430258578 327 $a""Contents at a Glance""; ""Contents""; ""About the Authors""; ""About the Technical Reviewers""; ""Chapter 1: Before You Start""; ""Introduction to Android""; ""Who Should Read This Book?""; ""What You Need Before You Begin""; ""An Actual Android Application""; ""A Working Development Environment""; ""All the Bells and Whistles""; ""Source Code for the Sample Application""; ""Whata???s in This Book""; ""Chapter 2: Android Patterns""; ""UI Design Patterns""; ""Holo""; ""ActionBarSherlock Navigation""; ""Designing for Different Devices""; ""Fragments""; ""Architectural Design Patterns"" 327 $a""Classic Android""""MVC""; ""The Model""; ""The View""; ""The Controller""; ""MVVM""; ""The Model""; ""The View""; ""The ViewModel""; ""Dependency Injection""; ""The ToDoModule""; ""The Database Provider""; ""The Stub Provider""; ""ToDoApplication""; ""Summary""; ""Chapter 3: Performance""; ""History""; ""Performance Tips""; ""Android Performance""; ""Java Performance""; ""SQLite Performance""; ""Web Services Performance""; ""Optimized Code""; ""Tools""; ""DDMS""; ""System Performance""; ""Heap Usage""; ""Eclipse Memory Analyzer""; ""Memory Allocation""; ""Threads""; ""Method Profiling"" 327 $a""Traceview""""Lint""; ""Hierarchy Viewer""; ""Unix Tools""; ""Top""; ""Dumpsys""; ""Vmstat""; ""Summary""; ""Chapter 4: Agile Android""; ""Benefits""; ""Benefits to the Business""; ""Benefits to the Developer""; ""The Sweet Spot""; ""Elements of Agile""; ""Goals""; ""Roll Call""; ""TDD""; ""BDD""; ""Continuous Integration""; ""Putting It All Together""; ""Summary""; ""Chapter 5: Native Development""; ""Deciding Where to Use Native Code""; ""Where Not to Use Native Code""; ""Where to Use Native Code""; ""Java Native Interface""; ""Difficulties Writing Native Code Using JNI"" 327 $a""Generate the Code Using a Tool""""Generating C/C++ Header Files Using javah""; ""Generating the JNI Code using SWIG""; ""Minimize the Number of JNI API Calls""; ""Use Primitive Data Types as Native Method Parameters""; ""Minimize Reach-Back from Native Code to Java Space""; ""Memory Usage""; ""Local References""; ""Never Cache Local References""; ""Release Local References in Complex Native Methods""; ""Dealing with Strings""; ""Use Proper Memory Management Function""; ""Operating on Arrays""; ""Do Not Request Unnecessary Array Elements""; ""Prevent Updating Unchanged Arrays"" 327 $a""Native I/O""""Caching Classes, Method and Field IDs""; ""Threading""; ""Never Cache the JNI Environment Interface Pointer""; ""Never Access Java Space from Detached Native Threads""; ""Troubleshooting""; ""Extended JNI Check""; ""Always Check for Java Exceptions""; ""Always Check JNI Return Values""; ""Always Add Log Lines While Developing""; ""Native Code Reuse Using Modules""; ""Benefit from Compiler Vectorization""; ""Summary""; ""Chapter 6: Security""; ""The State of Android Security""; ""Secure Coding Practices""; ""Industry Standard Lists""; ""PCI List""; ""OWASP"" 327 $a""OWASPa???s General Secure Coding Guidelines"" 330 $aAndroid Best Practices by Godfrey Nolan shows you how to make your Android apps stand out from the crowd with great reviews. Why settle for just making any Android app? Build a brilliant Android app instead that lets your users praise it for ease of use, better performance, and more. Using a series of example apps which gradually evolve throughout this book, Android Best Practices brings together current Android best practices from user interface (UI)/user experience (UX) design, test-driven development (TDD), and design patterns (e.g., MVC) to help you take your app to the next level. In this book you?ll learn how to: ? Use Android design patterns for consistent UI experience on many devices ? Use agile techniques such as test-driven development, behavior-driven development, and continuous integration ? Improve the speed and overall performance of your app ? Organize an Android app using design patterns such as MVC/MVP ? Create and consume REST and SOAP web services Designing and developing an app that runs well on many if not all the leading Android smartphones and tablets today can be one of the most daunting challenges for Android developers. Well, this book takes much of the mystery out of that for you. After reading and using Android Best Practices, you'll become a much better Android app designer and developer, which in turn can make your apps better placed and more successful in the market place. 606 $aMobile computing 606 $aComputers, Special purpose 606 $aMobile Computing$3https://scigraph.springernature.com/ontologies/product-market-codes/I29060 606 $aSpecial Purpose and Application-Based Systems$3https://scigraph.springernature.com/ontologies/product-market-codes/I13030 615 0$aMobile computing. 615 0$aComputers, Special purpose. 615 14$aMobile Computing. 615 24$aSpecial Purpose and Application-Based Systems. 676 $a004 676 $a004.6 676 $a005.258 700 $aNolan$b Godfrey$4aut$4http://id.loc.gov/vocabulary/relators/aut$0853700 702 $aTruxall$b David$4aut$4http://id.loc.gov/vocabulary/relators/aut 702 $aSood$b Raghav$4aut$4http://id.loc.gov/vocabulary/relators/aut 702 $aC?inar$b Onur$4aut$4http://id.loc.gov/vocabulary/relators/aut 801 0$bUMI 801 1$bUMI 906 $aBOOK 912 $a9910300474903321 996 $aAndroid Best Practices$92004703 997 $aUNINA